| 000 | 01494nam a2200313Ia 4500 | ||
|---|---|---|---|
| 001 | C0589 | ||
| 003 | IT-RoPAU | ||
| 008 | 130308s9999 xx 000 0 und d | ||
| 040 | _aIT-RoPAU | ||
| 040 | _cIT-RoPAU | ||
| 041 | _aITALIANO | ||
| 100 | _aAA.VV. | ||
| 100 | _gCodice Aut. SPICS: 12000 | ||
| 245 | _aLogos nella filosofia antica (Il) | ||
| 245 | _bFilosofi e Il Linguaggio (I)-Antologia | ||
| 250 | _a1a ed. | ||
| 260 | _aBOLOGNA | ||
| 260 | _bEsculapio | ||
| 260 | _c1993 [1° Ed.:1993 - Ed.Ling.Originale:1993] | ||
| 300 | _a"84 p. (prefazione: no ; testo: 84 [pagine: 15-98])" | ||
| 500 | _a"Pensiero Antico e Linguaggio. Logos Arcaico: Eraclito e Parmenide. Dibattito Fra Convenzionalità e Naturalità del Linguaggio nel V Secolo: Dall'Atomismo di Democrito al Convenzionalismo dei Sofisti. Protagora, Gorgia. Dimensione Linguistica del pensiero di Platone: Origine e Natura dei Nomi nel ""Cratilo"", Discorso Falso e Discorso Vero: Il Sofista, Fedro: Mito di Theuthe L'Origine della Scrittura, Gradi del Processo Conoscitivo. Dimensione Logica della Lingua: Aristotele: Organon Aristotelico, Poetica: Proposizioni semplici e Complesse. Scuole Filosofiche Ellenistiche: Epicureismo e Stoicismo. Questioni Linguistiche Agli Albori del Cristianesimo: Plotino, Sant'Agostino." | ||
| 650 | _aLINGUISTICA | ||
| 650 | _eCodice materia Spics: 3201 | ||
| 700 | _aBulgari Simona | ||
| 700 | _gCodice Aut. SPICS: 35553 | ||
| 942 | _cBK | ||
| 957 | _71 | ||
| 999 |
_c77800 _d77800 |
||
| 999 | _g1 | ||